000
00219nam a2200097Ia 4500
008
240331s9999 xx 000 0 und d
082
_b
PEN
100
_a
WERC. ed
245
0
_a
Penkalukkana sattaviyal villakkam
942
_c
L
999
_c
2438
_d
2438